000 00944nam a2200229 i 4500
001 50002
003 ES-MaACL
005 20230906162111.0
007 t|
008 030728s1934 sp ||||1| spa d
100 1 _aCri Harsa.
_941589
245 1 0 _aRatnavali o El collar de perlas /
_cpor Cri Harsa ; comedia traducida directamente del sánscrito y pácritos por Pedro Urbano González de la Calle ; precede una introducción al estudio de la dramática de la India Antigua por Mario Daza de Campos.
260 _aMadrid :
_bVictoriano Suárez,
_c1934 (
_fImp. Góngora)
300 _a426 p. ;
_c16 cm.
490 1 _aBiblioteca española de divulgación científica
700 1 _aGonzález de la Calle, Pedro Urbano.
_958548
700 1 _aDaza de Campos, Mario.
_943029
740 3 _aEl collar de perlas.
830 0 _aBiblioteca española de divulgación científica
_9182306
852 _aES-MaACL
_jB-13281
999 _c50002
_d50002